Statistics for The Oscars Superlatives

Click here to take the quiz!

General Stats

  • This quiz has been taken 35 times
  • The average score is 11 of 20

Answer Stats

Hint#Answer% Correct
First black-and-white movie to win the Best Picture since the 1960's(2011)The Artist
79%
First non-Caucasian Best Actress(2002)Halle Berry
73%
Country with the most Best International Feature Film wins14Italy
70%
First person of East or Southeast Asian descent to win in lead acting(2023)Michelle Yeoh
70%
Oldest person to be nominated for an Oscar;
Most nominations in Best Score
91 yrsJohn Williams
67%
First female Best Director(2009)Kathryn Bigelow
67%
Oldest Best Director nominee81 yrsMartin Scorsese
67%
Most total awards won by a person22Walt Disney
67%
First Best Picture winner produced wholly by non-Caucasians(2020)Parasite
64%
Movie with the largest sweep (winning awards in every nominated category)11The Lord of the Rings:
The Return of the King
64%
Oldest Best Actor nominee and winner83 yrsAnthony Hopkins
61%
First non-Caucasian Best Actor(1964)Sidney Poitier
61%
Hosted the Oscar the most times19Bob Hope
48%
First female Oscars host(1994)Whoopi Goldberg
48%
Youngest Best Actor winner29 yrsAdrien Brody
36%
Oldest Best Actress winner80 yrsJessica Tandy
36%
Most total of awards in Best Director4John Ford
33%
Movie with the most nominations without winning Best Picture14La La Land
24%
Youngest Best Actress winner21 yrsMarlee Matlin
21%
Person to have been nominated in most categories7Kenneth Branagh /
Alfonso Cuarón
12%

Score Distribution

Percentile by Number Answered

Percent of People with Each Score

Your Score History

You have not taken this quiz